|
|
|
|
| LEADER |
01084nam a2200265 a 4500 |
| 001 |
00025190 |
| 008 |
120604s2010 enka 000 1 eng d |
| 020 |
|
|
|a 9780194247580
|
| 020 |
|
|
|a 9780194247221
|
| 040 |
|
|
|a BD-DhAAL
|c BD-DhAAL
|
| 082 |
0 |
0 |
|a 428.64
|2 22
|
| 100 |
1 |
|
|a Chaucer, Geoffrey
|d 1343
|
| 245 |
1 |
4 |
|a Five Canterbury tales /
|c Geoffrey Chaucer, Text adaptation by Bill Bowler; Illustrator by Natalia Demidova
|
| 260 |
|
|
|a Oxford ;
|a New York :
|b Oxford University Press,
|c 2010.
|
| 300 |
|
|
|a 51 p. :
|b ill.(chiefly col.) ;
|c 21 cm.
|
| 490 |
1 |
|
|a Dominoes
|
| 500 |
|
|
|a Series editor:Bill Bowler and Sue Parminter
|
| 541 |
1 |
|
|e 00025190
|
| 650 |
|
0 |
|a Readers for new literates
|
| 650 |
|
0 |
|a High interest-low vocabulary books.
|
| 700 |
1 |
|
|a Bowler,Bill
|
| 700 |
1 |
|
|a Demidova,Natalia
|
| 852 |
1 |
|
|a Ayesha Abed Library
|j General shelf
|
| 999 |
|
|
|c 12344
|d 12344
|
| 952 |
|
|
|0 0
|1 0
|2 ddc
|4 0
|6 428_640000000000000_CHA
|7 0
|9 20398
|a BRACUL
|b BRACUL
|c GEN
|d 2012-06-04
|e Paragon
|g 160.00
|l 3
|o 428.64 CHA
|p 3010025190
|r 2024-11-20
|s 2024-11-10
|t 1
|w 2012-06-04
|y BK
|x Transferred from BIL to BRACUL on 06/06/22
|